书目信息 |
| 题名: |
环境与资源保护法学
|
|
| 作者: | 金瑞林 主编 | |
| 分册: | ||
| 出版信息: | 北京 北京大学出版社 1999.04 |
|
| 页数: | 654页 | |
| 开本: | 32开 | |
| 丛书名: | ||
| 单 册: | ||
| 中图分类: | D912.601 | |
| 科图分类: | ||
| 主题词: | 法学--部门 | |
| 电子资源: | ||
| ISBN: | 7-301-04061-X | |
| 000 | 00567nam0 2200193 45 | |
| 001 | 0007281797 | |
| 005 | 20000728172522.0 | |
| 010 | @a7-301-04061-X@d26.00元 | |
| 100 | @a20000728d1999 km y0chiy0120 ea | |
| 101 | 0 | @achi |
| 105 | @a z 000yy | |
| 200 | 1 | @a环境与资源保护法学@AHuan Jing Yu Zi Yuan Bao Hu Fa Xue@f金瑞林 主编@FJin Rui Lin Zhu Bian |
| 210 | @a北京@c北京大学出版社@d1999.04 | |
| 215 | @a654页@d32开 | |
| 606 | 0 | @a法学@x部门 |
| 690 | @aD912.601@v3 | |
| 701 | 0 | @a金瑞林@4主编 |
| 801 | @aCN@bPftUser@c20000728 | |
| 905 | @b81429-433@dD912.601@eJ459@f5 | |
| 环境与资源保护法学/金瑞林 主编.-北京:北京大学出版社,1999.04 |
| 654页;32开 |
| ISBN 7-301-04061-X:26.00元 |
| ● |
| 相关链接 |
|
|
|
正题名:环境与资源保护法学
索取号:D912.601/J459
 
预约/预借
| 序号 | 登录号 | 条形码 | 馆藏地/架位号 | 状态 | 备注 |
| 1 | 81429 | 200814299 | 社科库509/509社科库 81排4列1层/ [索取号:D912.601/J459] | 在馆 | |
| 2 | 81430 | 200814306 | 社科库509/509社科库 81排4列1层/ [索取号:D912.601/J459] | 在馆 | |
| 3 | 81431 | 200814315 | 社科库509/509社科库 81排4列1层/ [索取号:D912.601/J459] | 在馆 | |
| 4 | 81432 | 200814324 | 社科库509/509社科库 81排4列1层/ [索取号:D912.601/J459] | 在馆 | |
| 5 | 81433 | 200814333 | 社科库509/509社科库 81排4列1层/ [索取号:D912.601/J459] | 在馆 |